000 01450cas a2200409 a 4500
999 _c128506
_d128506
001 11467117
003 ARRUPE
005 20181102124850.0
008 881012u1986uuuunjuuu h 0 a0eng c
010 _a 96643833
_zsn 88037755
022 0 _a1087-4291
_21
035 _a(OCoLC)ocm18595087
040 _aIXA
_beng
_cIXA
_dNST
_dDLC
_dNSD
_dDLC
_dOCL
_dOCLCQ
_dOCLCF
_dOCLCO
042 _apcc
_ansdp
043 _af------
050 0 0 _aB5315.D62
_bV217
082 1 0 _a960
_212
100 _aDiop, Cheikh Anta
_932345
245 0 0 _aGreat African thinkers.
_cCheikh Anta Diop
260 _aNew Brunswick [N.J.] :
_bTransaction Books,
_cc1986-
300 _a387p. ;
_bill. ;
_c23 cm.
362 0 _aVol. 1-
440 _aGreat African Thinkers
_943269
580 _aVol. 1 issued as v. 8, no. 1 (June 1986) of: Journal of African civilizations.
590 _aSERBIB/SERLOC merged record
600 _aDiop, Cheikh Anta
_932345
700 1 _aIvan Van Sertima ed.
_943270
777 1 _tJournal of African civilizations
_x0270-2495
_w(DLC) 80643869
_w(OCoLC)5804573
906 _a7
_bcbc
_cserials
_du
_encip
_f19
_gn-oclcserc
942 _2lcc
_cMONOGRAPH